Films avec Jean Lefebvre (par image) - Statistiques

Statistiques générales
  • Ce quiz a été pris 38 fois
  • Le résultat moyen est 5 sur 16
Statistiques - réponses
Par images Réponse % Correct
Mais où est donc passée la septième compagnie
92%
Le Gendarme de Saint-Tropez
76%
Les Tontons flingueurs
68%
Ne nous fâchons pas !
46%
Quelques messieurs trop tranquilles
27%
Un idiot à Paris
27%
Le Magnifique
24%
Impossible... pas français
22%
C'est pas parce qu'on a rien à dire qu'il faut fermer sa gueule...
19%
Le Gentleman d'Epsom
16%
Angélique et le Roy
11%
Le Fou du labo 4
11%
Prends ta Rolls et va pointer
11%
La situation est grave mais... pas désespérée !
5%
Quand passent les faisans
5%
Trois Enfants dans le désordre
5%
Aucun quiz correspondant
Distribution des résultats
% des personnes avec chaque résultat
Percentile par nombre de réponses
Votre historique - résultats
Vous n’avez pas pris ce quiz